Một số yếu tố trong quan niệm nghệ thuật về hoàn cảnh ở tác phẩm Nam Cao /
Đã lưu trong:
| 主要作者: | |
|---|---|
| 格式: | Bài viết |
| 语言: | Vietnamese |
| 主题: | |
| 标签: |
添加标签
没有标签, 成为第一个标记此记录!
|
| Thư viện lưu trữ: | Thư viện Trường Đại học Đà Lạt |
|---|
| LEADER | 00856nam a2200277 4500 | ||
|---|---|---|---|
| 001 | DLU090080687 | ||
| 005 | ##20090619 | ||
| 040 | # | # | |a DLU |b vie |
| 041 | # | # | |a vie |
| 044 | # | # | |a vn |
| 100 | # | # | |a Phạm Mạnh Hùng, |c ThS. |
| 245 | # | # | |a Một số yếu tố trong quan niệm nghệ thuật về hoàn cảnh ở tác phẩm Nam Cao / |c Phạm Mạnh Hùng. |
| 653 | # | # | |a Hình tượng văn học |
| 653 | # | # | |a Nam Cao |
| 653 | # | # | |a Nghiên cứu văn học |
| 653 | # | # | |a Phong cách sáng tác |
| 773 | # | # | |t Văn hoá Nghệ thuật |g Số 10(196), 2000, tr. 63-66 |
| 920 | # | # | |a Phòng Tạp chí -- Trung tâm Thông tin - Thư viện Trường Đại học Đà Lạt |
| 994 | # | # | |a DLU |
| 900 | # | # | |a True |
| 911 | # | # | |a Đào Thị Thu Huyền |
| 925 | # | # | |a G |
| 926 | # | # | |a A |
| 927 | # | # | |a BB |
| 980 | # | # | |a Thư viện Trường Đại học Đà Lạt |